000 01243cam a22003374a 4500
001 13641616
003 OSt
005 20211217114721.0
008 040630s2005 flua b 001 0 eng
010 _a 2004051076
020 _a0849321727 (alk. paper)
038 _akhadija
040 _aDLC
_cDLC
_dDLC
042 _apcc
050 0 0 _aTA491
_b.T69 2005
082 0 0 _a671.73
_222
_bTOY
100 1 _aToyserkani, Ehsan.
_986823
245 1 0 _aLaser Cladding /
_cby Ehsan Toyserkani, Amir Khajepour, Stephen Corbin.
260 _aBoca Raton, Fl. :
_bCRC Press,
_c2005.
300 _axiii, 260 p. :
_bill. ;
_c24 cm.
504 _aIncludes bibliographical references (p. 235-256) and index.
563 _aHB
650 0 _aMetal cladding.
_986824
650 0 _aLasers
_xIndustrial applications.
_986825
700 1 _aKhajepour, Amir.
_986826
700 1 _aCorbin, Stephen.
_986827
856 4 2 _3Publisher description
_uhttp://www.loc.gov/catdir/enhancements/fy0646/2004051076-d.html
906 _a7
_bcbc
_corignew
_d1
_eocip
_f20
_gy-gencatlg
942 _2ddc
_cBK
999 _c33928
_d33928